|
|
|
|
| LEADER |
00000nam0a2200000 4500 |
| 001 |
183022 |
| 005 |
20231031171438.0 |
| 020 |
|
|
|a RU
|b 86-68776
|
| 035 |
|
|
|a (RuTPU)RU\TPU\book\198400
|
| 090 |
|
|
|a 183022
|
| 100 |
|
|
|a 20100630d1986 m y0rusy5003 ca
|
| 101 |
1 |
|
|a rus
|c ger
|
| 102 |
|
|
|a RU
|
| 105 |
|
|
|a a z 001zy
|
| 200 |
1 |
|
|a Лазеры сверхкоротких световых импульсов
|e пер. с нем.
|f Й. Херман, Б. Вильгельми
|g под ред. П. Г. Крюкова
|
| 210 |
|
|
|a Москва
|c Мир
|d 1986
|
| 215 |
|
|
|a 368 с.
|c ил.
|
| 320 |
|
|
|a Библиогр.: с. 351-361.
|
| 320 |
|
|
|a Имен. указ.: с. 362.
|
| 320 |
|
|
|a Предм. указ.: с. 363-364.
|
| 610 |
1 |
|
|a лазеры
|
| 610 |
1 |
|
|a лазеры накачки
|
| 610 |
1 |
|
|a атомные системы
|
| 610 |
1 |
|
|a световые импульсы
|
| 610 |
1 |
|
|a излучение
|
| 610 |
1 |
|
|a пикосекундная техника
|
| 610 |
1 |
|
|a методы измерения
|
| 610 |
1 |
|
|a синхронизация
|
| 610 |
1 |
|
|a твердотельные лазеры
|
| 610 |
1 |
|
|a оптические процессы
|
| 610 |
1 |
|
|a спектроскопия
|
| 610 |
1 |
|
|a генерация
|
| 675 |
|
|
|a 621.373.8
|z rus
|
| 700 |
|
1 |
|a Херман
|b Й.
|g Йоахим
|
| 701 |
|
1 |
|a Вильгельми
|b Б.
|g Бернд
|
| 702 |
|
1 |
|a Крюков
|b П. Г.
|4 340
|
| 801 |
|
0 |
|a RU
|b RuMRKP
|c 19950704
|g psbo
|
| 801 |
|
1 |
|a RU
|b 63413507
|c 20100630
|
| 801 |
|
2 |
|a RU
|b 63413507
|c 20110218
|g RCR
|
| 942 |
|
|
|c BK
|